书目信息 |
| 题名: |
国有资产监管与经营
|
|
| 作者: | 李连仲 主编 ;郑新立 主持 | |
| 分册: | ||
| 出版信息: | 北京 中国经济出版社 2005.02 |
|
| 页数: | 428页 | |
| 开本: | 23cm | |
| 丛书名: | ||
| 单 册: | ||
| 中图分类: | F123.7 | |
| 科图分类: | ||
| 主题词: | 国有资产--资产管理--中国 | |
| 电子资源: | ||
| ISBN: | 7-5017-6880-3 | |
| 000 | 00791nam0 2200241 450 | |
| 001 | 0160509656 | |
| 005 | 20050820082641.79 | |
| 010 | @a7-5017-6880-3@dCNY38.00 | |
| 100 | @a20050503d2005 km y0chiy0120 ea | |
| 101 | 0 | @achi |
| 102 | @aCN@b110000 | |
| 105 | @ay a 000yy | |
| 200 | 1 | @a国有资产监管与经营@Aguo you zi chan jian guan yu jing ying@f李连仲主编@Fli lian zhong zhu bian@g郑新立主持@Gzheng xin li zhu chi |
| 210 | @a北京@c中国经济出版社@d2005.02 | |
| 215 | @a428页@d23cm | |
| 320 | @a有书目 (第427-428页)。 | |
| 330 | @a本书阐述国有资产管理体制改革的各方面问题。 | |
| 606 | 0 | @a国有资产@x资产管理@y中国 |
| 690 | @aF123.7@v4 | |
| 701 | 0 | @a李连仲@Ali lian zhong@4主编 |
| 702 | 0 | @a郑新立@Azheng xin li@4主持 |
| 801 | 0 | @aCN@bQSSK@c20050820 |
| 905 | @a10447@dF123.7@eL209 | |
| 国有资产监管与经营/李连仲主编/郑新立主持.-北京:中国经济出版社,2005.02 |
| 428页;23cm |
| ISBN 7-5017-6880-3:CNY38.00 |
| 本书阐述国有资产管理体制改革的各方面问题。 |
| ● |
| 相关链接 |
|
|
|
正题名:国有资产监管与经营
索取号:F123.7/L209
 
预约/预借
| 序号 | 登录号 | 条形码 | 馆藏地/架位号 | 状态 | 备注 |
| 1 | 560189 | 205601892 | 社科库409/409社科库 69排1列1层/ [索取号:F123.7/L209] | 在馆 | |
| 2 | 560190 | 205601909 | 社科库409/409社科库 69排1列1层/ [索取号:F123.7/L209] | 在馆 | |
| 3 | 560191 | 205601918 | 社科库409/409社科库 69排1列1层/ [索取号:F123.7/L209] | 在馆 |